[Event "CZE-chT1E 1516"]
[Site "Czech Republic"]
[Date "2015.11.29"]
[Round "4.4"]
[White "Krcal, Michal"]
[Black "Worek, Joanna"]
[Result "0-1"]
[WhiteElo "2254"]
[BlackElo "2318"]
[PlyCount "98"]
[EventDate "2015.10.11"]
[EventType "team-tourn"]
[EventRounds "11"]
[EventCountry "CZE"]
[SourceTitle "EXT 2017"]
[Source "ChessBase"]
[SourceDate "2016.10.25"]
[SourceVersion "1"]
[SourceVersionDate "2016.10.25"]
[SourceQuality "1"]
[WhiteTeam "Zlin"]
[BlackTeam "Stare Mesto"]
[WhiteTeamCountry "CZE"]
[BlackTeamCountry "CZE"]

1. e4 c5 2. Nf3 d6 3. d4 cxd4 4. Nxd4 Nf6 5. Nc3 a6 6. a4 e5 7. Nb3 Be7 8. Be2 Be6 9. 0-0 Qc7 10. f4 Nbd7 11. Be3 exf4 12. Rxf4 0-0 13. Nd4 Ne5 14. Qe1 Rfe8 15. Qg3 Ng6 16. Nf5 Bf8 17. Rf2 Bxf5 18. exf5 Ne5 19. Rd1 Rac8 20. Bg5 Ned7 21. Bf3 Qb6 22. Bc1 d5 23. Kh1 Bd6 24. Qh4 d4 25. Ne4 Nxe4 26. Bxe4 Nf6 27. Bd3 Qa5 28. b3 Re1+ 29. Rf1 Rxf1+ 30. Rxf1 Qc5 31. Rf3 Re8 32. Bd2 b5 33. Rf1 bxa4 34. bxa4 a5 35. Rb1 Rb8 36. Re1 Qd5 37. Kg1 Bb4 38. Qg3 Bd6 39. Bf4 Bxf4 40. Qxf4 Rb4 41. g4 h6 42. h4 Qd8 43. g5 Nd5 44. Qg3 hxg5 45. hxg5 Ne3 46. Qh4 Qd5 47. Be4 Qe5 48. f6 g6 49. Qh6 Qg3+ 0-1

[Event "CZE-chT1E 1516"]
[Site "Czech Republic"]
[Date "2015.10.11"]
[Round "1.4"]
[White "Novosadova, Kristyna"]
[Black "Krcal, Michal"]
[Result "1-0"]
[WhiteElo "2218"]
[BlackElo "2254"]
[PlyCount "37"]
[EventDate "2015.10.11"]
[EventType "team-tourn"]
[EventRounds "11"]
[EventCountry "CZE"]
[SourceTitle "CBM 169 Extra"]
[Source "ChessBase"]
[SourceDate "2015.12.18"]
[SourceVersion "1"]
[SourceVersionDate "2015.12.18"]
[SourceQuality "1"]
[WhiteTeam "Beskydy Chess School II"]
[BlackTeam "Zlin"]
[WhiteTeamCountry "CZE"]
[BlackTeamCountry "CZE"]

1. e4 e5 2. Nf3 Nc6 3. Bb5 a6 4. Ba4 Nf6 5. 0-0 b5 6. Bb3 Bb7 7. d3 Bc5 8. a4 d6 9. Nc3 b4 10. Ne2 0-0 11. Ng3 Ne7 12. Bg5 Ng6 13. Nh5 d5 14. Bxf6 gxf6 15. Qc1 Re8 16. Nh4 Re6 17. Nf5 Qd7 18. Nfg7 Rd6 19. Qh6 1-0

[Event "CZE-chT1E 1415"]
[Site "Czech Republic"]
[Date "2014.12.07"]
[Round "4.5"]
[White "Cagasik, Tomas"]
[Black "Krcal, Michal"]
[Result "0-1"]
[WhiteElo "2235"]
[BlackElo "2246"]
[PlyCount "80"]
[EventDate "2014.10.19"]
[EventType "team-tourn"]
[EventRounds "11"]
[EventCountry "CZE"]
[SourceTitle "CBM 163 Extra"]
[Source "ChessBase"]
[SourceDate "2014.12.23"]
[SourceVersion "1"]
[SourceVersionDate "2014.12.23"]
[SourceQuality "1"]
[WhiteTeam "Kromeriz"]
[BlackTeam "Zlin"]
[WhiteTeamCountry "CZE"]
[BlackTeamCountry "CZE"]

1. e4 e5 2. Nf3 Nc6 3. d4 exd4 4. Nxd4 Bc5 5. Nb3 Bb6 6. Nc3 d6 7. Bf4 Be6 8. Qd2 Qd7 9. Nd5 Bxd5 10. exd5 Nce7 11. c4 Nf6 12. Bd3 0-0 13. 0-0 Ng6 14. Bg5 Ng4 15. a4 a6 16. a5 Ba7 17. Qc2 f5 18. Bd2 N6e5 19. Bc3 Qf7 20. h3 Nxd3 21. Qxd3 Ne5 22. Bxe5 dxe5 23. Kh1 e4 24. Qe2 Rae8 25. Qd2 f4 26. f3 Be3 27. Qc2 Qh5 28. Nd2 exf3 29. Nxf3 g5 30. Nh2 Qf7 31. Ng4 Qg7 32. Rae1 Bd4 33. Qb3 h5 34. Nh2 Rxe1 35. Rxe1 g4 36. Qxb7 gxh3 37. gxh3 f3 38. Ng4 hxg4 39. d6 g3 40. Qd5+ Kh8 0-1

[Event "CZE-chT1E 1415"]
[Site "Czech Republic"]
[Date "2014.11.23"]
[Round "3.4"]
[White "Krcal, Michal"]
[Black "Goluch, Piotr"]
[Result "1-0"]
[WhiteElo "2246"]
[BlackElo "2204"]
[PlyCount "103"]
[EventDate "2014.10.19"]
[EventType "team-tourn"]
[EventRounds "11"]
[EventCountry "CZE"]
[SourceTitle "CBM 163 Extra"]
[Source "ChessBase"]
[SourceDate "2014.12.23"]
[SourceVersion "1"]
[SourceVersionDate "2014.12.23"]
[SourceQuality "1"]
[WhiteTeam "Zlin"]
[BlackTeam "Rychnov nad Kneznou"]
[WhiteTeamCountry "CZE"]
[BlackTeamCountry "CZE"]

1. e4 c5 2. Nf3 Nc6 3. d4 cxd4 4. Nxd4 Nf6 5. Nc3 d6 6. Be2 Qb6 7. Nb3 e6 8. 0-0 Be7 9. Be3 Qc7 10. f4 0-0 11. Qe1 a6 12. Rd1 b5 13. a3 Bb7 14. Qg3 b4 15. axb4 Nxb4 16. e5 Ne4 17. Nxe4 Bxe4 18. f5 dxe5 19. f6 Bxf6 20. Rxf6 Qxc2 21. Nc5 Bf5 22. Rd2 Qb1+ 23. Bf1 Rad8 24. Nd7 Rfe8 25. Bh6 Bg6 26. Qxe5 gxh6 27. Rxg6+ fxg6 28. Nf6+ Kf7 29. Rxd8 Rxd8 30. Qc7+ Kxf6 31. Qxd8+ Kf7 32. Qc7+ Kf6 33. Qf4+ Qf5 34. Qxb4 a5 35. Qf8+ Kg5 36. Qxf5+ exf5 37. Kf2 Kf4 38. Bc4 h5 39. Bg8 h6 40. Bf7 Kg5 41. Ke3 h4 42. Kd4 Kf6 43. Bd5 g5 44. Kc5 Ke5 45. Bb7 g4 46. Kb5 f4 47. Kxa5 f3 48. Bxf3 gxf3 49. gxf3 Kf4 50. b4 Kxf3 51. b5 Kg2 52. b6 1-0

[Event "CZE-chT1E 1415"]
[Site "Czech Republic"]
[Date "2014.10.19"]
[Round "1.5"]
[White "Mlynek, Petr"]
[Black "Krcal, Michal"]
[Result "1/2-1/2"]
[WhiteElo "2160"]
[BlackElo "2246"]
[PlyCount "26"]
[EventDate "2014.10.19"]
[EventType "team-tourn"]
[EventRounds "11"]
[EventCountry "CZE"]
[SourceTitle "EXT 2015"]
[Source "ChessBase"]
[SourceDate "2014.11.20"]
[SourceVersion "1"]
[SourceVersionDate "2014.11.20"]
[SourceQuality "1"]
[WhiteTeam "Brno Duras II"]
[BlackTeam "Zlin"]
[WhiteTeamCountry "CZE"]
[BlackTeamCountry "CZE"]

1. d4 d5 2. c4 c6 3. Nc3 Nf6 4. e3 g6 5. Bd3 Bg7 6. h3 0-0 7. Nf3 Bf5 8. 0-0 Bxd3 9. Qxd3 Nbd7 10. e4 dxe4 11. Nxe4 c5 12. Be3 Nxe4 13. Qxe4 cxd4 1/2-1/2

[Event "CZE-chT2F 1314"]
[Site "Czech Republic"]
[Date "2014.02.02"]
[Round "7.42"]
[White "Krcal, Michal"]
[Black "Beil, Zdenek"]
[Result "1/2-1/2"]
[WhiteElo "2212"]
[BlackElo "2232"]
[PlyCount "128"]
[EventDate "2013.11.03"]
[EventType "team-tourn"]
[EventRounds "11"]
[EventCountry "CZE"]
[SourceTitle "EXT 2016"]
[Source "ChessBase"]
[SourceDate "2015.10.08"]
[SourceVersion "1"]
[SourceVersionDate "2015.10.08"]
[SourceQuality "1"]
[WhiteTeam "Zlin II"]
[BlackTeam "Olomouc Garde"]
[WhiteTeamCountry "CZE"]
[BlackTeamCountry "CZE"]

1. e4 c5 2. Nf3 a6 3. d4 cxd4 4. Nxd4 Nf6 5. Nc3 e5 6. Nb3 Bb4 7. Bd3 d5 8. exd5 e4 9. Be2 Qxd5 10. Bd2 Qe5 11. a3 Be7 12. 0-0 Nc6 13. f4 exf3 14. Bxf3 0-0 15. Qe1 Qxe1 16. Raxe1 Be6 17. Na4 Rad8 18. Be3 Bd5 19. Bb6 Rde8 20. Rd1 Bxf3 21. Rxf3 Ne5 22. Rc3 Rc8 23. Na5 Rxc3 24. Nxc3 Ned7 25. Bf2 b6 26. Nc6 Bc5 27. Bxc5 Nxc5 28. Ne7+ Kh8 29. Rd6 Re8 30. Ncd5 Ncd7 31. Kf1 h5 32. c4 Ne5 33. b3 Nxd5 34. Nxd5 b5 35. cxb5 Nd3 36. g3 axb5 37. Nc3 Re3 38. Nxb5 Ne5 39. b4 Kh7 40. Rd2 Nc4 41. Ra2 Rb3 42. Ke2 g5 43. Kd1 f5 44. Kc2 Re3 45. Nc3 f4 46. gxf4 gxf4 47. Kb3 Nd6 48. Re2 Rd3 49. Kc2 Rd4 50. Rf2 Kg6 51. Ne2 Rc4+ 52. Kd3 Kf5 53. Nd4+ Ke5 54. Nf3+ Kd5 55. Nd2 Rd4+ 56. Kc3 Nb5+ 57. Kb2 Rd3 58. a4 Nd4 59. a5 f3 60. b5 Nxb5 61. Nxf3 Nd6 62. a6 Nc4+ 63. Kc2 Ra3 64. Nd2 Ne3+ 1/2-1/2

[Event "CZE-chT1E 1314"]
[Site "Czech Republic"]
[Date "2014.01.26"]
[Round "6.3"]
[White "Mudrak, Josef"]
[Black "Krcal, Michal"]
[Result "1/2-1/2"]
[WhiteElo "2351"]
[BlackElo "2212"]
[PlyCount "60"]
[EventDate "2013.10.20"]
[EventType "team-tourn"]
[EventRounds "11"]
[EventCountry "CZE"]
[SourceTitle "EXT 2015"]
[Source "ChessBase"]
[SourceDate "2014.11.20"]
[SourceVersion "1"]
[SourceVersionDate "2014.11.20"]
[SourceQuality "1"]
[WhiteTeam "Kromeriz"]
[BlackTeam "Zlin"]
[WhiteTeamCountry "CZE"]
[BlackTeamCountry "CZE"]

1. d4 Nf6 2. Nf3 g6 3. g3 Bg7 4. Bg2 0-0 5. 0-0 d5 6. c4 dxc4 7. Qa4 Nc6 8. Qxc4 Be6 9. Qa4 Bd5 10. Nc3 Qd7 11. Rd1 Rfd8 12. Be3 h6 13. Rac1 Qe6 14. Bf4 Rac8 15. Ne5 Bxg2 16. Kxg2 Nd5 17. Nxc6 Nxf4+ 18. gxf4 bxc6 19. h3 Rb8 20. Qxa7 Rxb2 21. Rd3 Qd6 22. Rcd1 Qxf4 23. Qa3 Rbb8 24. Qxe7 Rxd4 25. e3 Qd6 26. Qxd6 Rxd6 27. Ne4 Rxd3 28. Rxd3 Ra8 29. Rd2 Bf8 30. Rc2 Ra6 1/2-1/2

[Event "CZE-chT2F 1314"]
[Site "Czech Republic"]
[Date "2014.01.19"]
[Round "6.42"]
[White "Navratil, Jiri2222"]
[Black "Krcal, Michal"]
[Result "0-1"]
[WhiteElo "2041"]
[BlackElo "2212"]
[PlyCount "72"]
[EventDate "2013.11.03"]
[EventType "team-tourn"]
[EventRounds "11"]
[EventCountry "CZE"]
[SourceTitle "EXT 2016"]
[Source "ChessBase"]
[SourceDate "2015.10.08"]
[SourceVersion "1"]
[SourceVersionDate "2015.10.08"]
[SourceQuality "1"]
[WhiteTeam "Prerov II"]
[BlackTeam "Zlin II"]
[WhiteTeamCountry "CZE"]
[BlackTeamCountry "CZE"]

1. e4 e5 2. Nf3 Nc6 3. Bb5 a6 4. Ba4 Nf6 5. 0-0 b5 6. Bb3 Bb7 7. d3 Bc5 8. a4 b4 9. Nbd2 d6 10. c3 0-0 11. Nc4 h6 12. Be3 bxc3 13. Bxc5 cxb2 14. Rb1 dxc5 15. Ncxe5 Nxe5 16. Nxe5 Qd4 17. Nxf7 Kh7 18. Qf3 c4 19. Bxc4 Bxe4 20. dxe4 Qxc4 21. Ne5 Qxe4 22. Qxe4+ Nxe4 23. Rxb2 Nc3 24. Rc1 Nxa4 25. Ra2 Rfe8 26. f4 Nb6 27. Rxc7 Nd5 28. Rc5 Nxf4 29. Raa5 Rab8 30. g3 Rxe5 31. gxf4 Rxc5 32. Rxc5 Rb6 33. Kf2 Kg6 34. h4 Kf6 35. Kf3 Ke6 36. Ke3 Kd6 0-1

[Event "CZE-chT2F 1314"]
[Site "Czech Republic"]
[Date "2013.11.17"]
[Round "2.62"]
[White "Polok, Kacper"]
[Black "Krcal, Michal"]
[Result "1/2-1/2"]
[WhiteElo "2172"]
[BlackElo "2212"]
[PlyCount "30"]
[EventDate "2013.11.03"]
[EventType "team-tourn"]
[EventRounds "11"]
[EventCountry "CZE"]
[SourceTitle "EXT 2016"]
[Source "ChessBase"]
[SourceDate "2015.10.08"]
[SourceVersion "1"]
[SourceVersionDate "2015.10.08"]
[SourceQuality "1"]
[WhiteTeam "Orlova Slavia II"]
[BlackTeam "Zlin II"]
[WhiteTeamCountry "CZE"]
[BlackTeamCountry "CZE"]

1. e4 e5 2. Nf3 Nc6 3. Bb5 Nf6 4. Qe2 Bc5 5. Bxc6 dxc6 6. Nxe5 0-0 7. d3 Re8 8. Nc4 Ng4 9. f3 b5 10. Ne3 Ne5 11. Nd2 f5 12. f4 Bxe3 13. Qxe3 Ng4 14. Qg3 fxe4 15. Nxe4 Qd4 1/2-1/2

[Event "CZE-chT1E 1213"]
[Site "Czech Republic"]
[Date "2013.04.21"]
[Round "11.5"]
[White "Skacelik, Petr"]
[Black "Krcal, Michal"]
[Result "1/2-1/2"]
[WhiteElo "2202"]
[BlackElo "2152"]
[PlyCount "54"]
[EventDate "2012.10.21"]
[EventType "team-tourn"]
[EventRounds "11"]
[EventCountry "CZE"]
[SourceTitle "EXT 2014"]
[Source "ChessBase"]
[SourceDate "2013.11.20"]
[SourceVersion "1"]
[SourceVersionDate "2013.11.20"]
[SourceQuality "1"]
[WhiteTeam "Brno Duras"]
[BlackTeam "Zlin"]
[WhiteTeamCountry "CZE"]
[BlackTeamCountry "CZE"]

1. d4 d5 2. c4 c6 3. Nc3 Nf6 4. Nf3 g6 5. Bf4 Bg7 6. e3 0-0 7. h3 Nbd7 8. Bd3 dxc4 9. Bxc4 b5 10. Bd3 a6 11. a4 Bb7 12. Rc1 c5 13. axb5 cxd4 14. exd4 Nh5 15. Bh2 Bxf3 16. Qxf3 Bxd4 17. 0-0 axb5 18. Bxb5 e5 19. Rfd1 Nhf6 20. Bc6 Ra5 21. Bg3 Qb6 22. Ne2 Qxb2 23. Nxd4 exd4 24. Rb1 Qc2 25. Rbc1 Qb2 26. Rb1 Qc2 27. Rbc1 Qb2 1/2-1/2

[Event "CZE-chT1E 1213"]
[Site "Czech Republic"]
[Date "2013.01.27"]
[Round "6.6"]
[White "Miturova, Magdalena"]
[Black "Krcal, Michal"]
[Result "0-1"]
[WhiteElo "2134"]
[BlackElo "2152"]
[PlyCount "76"]
[EventDate "2012.10.21"]
[EventType "team-tourn"]
[EventRounds "11"]
[EventCountry "CZE"]
[SourceTitle "EXT 2014"]
[Source "ChessBase"]
[SourceDate "2013.11.20"]
[SourceVersion "1"]
[SourceVersionDate "2013.11.20"]
[SourceQuality "1"]
[WhiteTeam "Beskydy Chess School II"]
[BlackTeam "Zlin"]
[WhiteTeamCountry "CZE"]
[BlackTeamCountry "CZE"]

1. e4 e5 2. Nf3 Nc6 3. d4 exd4 4. Nxd4 Bc5 5. Be3 Qf6 6. c3 Nge7 7. Bc4 b6 8. 0-0 Bb7 9. Nxc6 Qxc6 10. Bxc5 Qxc5 11. Nd2 0-0 12. b4 Qe5 13. Qc2 Ng6 14. Rad1 Rae8 15. Rfe1 Nf4 16. Re3 Qg5 17. Rg3 Qh5 18. Rf3 Qg4 19. Rg3 Qh4 20. Bd3 Re6 21. Nf3 Qh5 22. Qd2 Nxd3 23. Qxd3 Rd6 24. Qe2 Qb5 25. Qe1 Rxd1 26. Qxd1 Bxe4 27. Qd4 Bg6 28. Rg5 Qc6 29. Ne5 Qf6 30. h4 d6 31. Nf3 Qxd4 32. Nxd4 Bd3 33. Rg3 Bc4 34. Re3 Bxa2 35. Re7 Rc8 36. Nb5 Kf8 37. Rxc7 Rxc7 38. Nxc7 Bc4 0-1

[Event "CZE-chT1E 1213"]
[Site "Czech Republic"]
[Date "2012.11.10"]
[Round "3.4"]
[White "Vrana, Frantisek"]
[Black "Krcal, Michal"]
[Result "0-1"]
[WhiteElo "2282"]
[BlackElo "2152"]
[PlyCount "56"]
[EventDate "2012.10.21"]
[EventType "team-tourn"]
[EventRounds "11"]
[EventCountry "CZE"]
[SourceTitle "EXT 2014"]
[Source "ChessBase"]
[SourceDate "2013.11.20"]
[SourceVersion "1"]
[SourceVersionDate "2013.11.20"]
[SourceQuality "1"]
[WhiteTeam "Stare Mesto"]
[BlackTeam "Zlin"]
[WhiteTeamCountry "CZE"]
[BlackTeamCountry "CZE"]

1. Nf3 Nf6 2. d4 g6 3. c4 Bg7 4. Nc3 d5 5. Bf4 0-0 6. e3 e6 7. Rc1 a6 8. Qb3 Nc6 9. cxd5 exd5 10. Be2 Na5 11. Qa3 Nc4 12. Bxc4 dxc4 13. Qc5 c6 14. Qxc4 Be6 15. Qe2 Nd5 16. Nxd5 Bxd5 17. a3 Bxf3 18. Qxf3 Qa5+ 19. Rc3 c5 20. Qd5 b6 21. Be5 Rad8 22. Qc4 cxd4 23. Bxd4 Bxd4 24. exd4 Rfe8+ 25. Kd1 Qe5 26. Kc1 Rxd4 27. Qxa6 Qf5 28. Qxb6 Qxf2 0-1

[Event "Tabor op"]
[Site "Tabor"]
[Date "2012.07.30"]
[Round "2"]
[White "Krcal, Michal"]
[Black "Neuman, Petr"]
[Result "1/2-1/2"]
[WhiteElo "2130"]
[BlackElo "2476"]
[PlyCount "73"]
[EventDate "2012.07.29"]
[EventType "swiss"]
[EventRounds "9"]
[EventCountry "CZE"]
[SourceTitle "EXT 2013"]
[Source "ChessBase"]
[SourceDate "2012.11.22"]
[SourceVersion "1"]
[SourceVersionDate "2012.11.22"]
[SourceQuality "1"]

1. e4 c5 2. Nf3 d6 3. d4 cxd4 4. Nxd4 Nf6 5. Nc3 Nc6 6. Bc4 Bd7 7. 0-0 g6 8. Re1 Bg7 9. Bb3 0-0 10. Bg5 a6 11. Nxc6 Bxc6 12. Qd2 b5 13. Rad1 a5 14. a3 Re8 15. Qf4 Qc7 16. Bxf6 Bxf6 17. Nd5 Bxd5 18. Bxd5 Rab8 19. c3 Kg7 20. g3 b4 21. axb4 axb4 22. cxb4 Rxb4 23. b3 h5 24. Rc1 Qb8 25. Re2 h4 26. Rec2 Rd4 27. Rc7 Qb4 28. Kg2 Qa3 29. Rc8 Rxc8 30. Rxc8 Qa6 31. Qg4 Qd3 32. Rg8+ Kxg8 33. Qxg6+ Kh8 34. Qh6+ Kg8 35. Qg6+ Kh8 36. Qh6+ Kg8 37. Qg6+ 1/2-1/2

[Event "Teplice op 7th"]
[Site "Teplice"]
[Date "2012.06.24"]
[Round "9"]
[White "Krumm, Johannes"]
[Black "Krcal, Michal"]
[Result "0-1"]
[WhiteElo "2038"]
[BlackElo "2124"]
[PlyCount "90"]
[EventDate "2012.06.16"]
[EventType "swiss"]
[EventRounds "9"]
[EventCountry "CZE"]
[SourceTitle "CBM 149 Extra"]
[Source "ChessBase"]
[SourceDate "2012.08.24"]
[SourceVersion "1"]
[SourceVersionDate "2012.08.24"]
[SourceQuality "1"]

1. e4 e5 2. Nf3 Nc6 3. Bc4 Nf6 4. d3 Bc5 5. h3 d5 6. exd5 Nxd5 7. 0-0 0-0 8. Re1 Nb6 9. Bg5 Qd6 10. Nc3 Nxc4 11. Ne4 Qd5 12. dxc4 Qxc4 13. b3 Qb4 14. Qd5 Bd4 15. a3 Qb6 16. Nxd4 Qxd4 17. Qb5 a6 18. Qf1 Bf5 19. c3 Qd5 20. c4 Qe6 21. f4 Qg6 22. Ng3 f6 23. Bh4 Bd3 24. Qf2 Qh6 25. Rad1 Qxh4 26. Rxd3 exf4 27. Ne4 Qxf2+ 28. Kxf2 Ne5 29. Rd4 Rfe8 30. Red1 Nc6 31. Nc5 Nxd4 32. Rxd4 b6 33. Nd3 Rad8 34. Rxd8 Rxd8 35. Nxf4 Rd2+ 36. Ke3 Rb2 37. b4 c6 38. Ne6 Rxg2 39. Nd8 Rg3+ 40. Kd4 Rxh3 41. Nxc6 Rxa3 42. c5 bxc5+ 43. bxc5 Kf7 44. Na7 Ke7 45. Kd5 Kd7 0-1

[Event "Teplice op 7th"]
[Site "Teplice"]
[Date "2012.06.23"]
[Round "8"]
[White "Krcal, Michal"]
[Black "Nemcova, Katerina"]
[Result "0-1"]
[WhiteElo "2124"]
[BlackElo "2261"]
[PlyCount "68"]
[EventDate "2012.06.16"]
[EventType "swiss"]
[EventRounds "9"]
[EventCountry "CZE"]
[SourceTitle "CBM 149 Extra"]
[Source "ChessBase"]
[SourceDate "2012.08.24"]
[SourceVersion "1"]
[SourceVersionDate "2012.08.24"]
[SourceQuality "1"]

1. e4 e5 2. Nf3 Nc6 3. d4 exd4 4. Nxd4 Nf6 5. Nxc6 bxc6 6. e5 Qe7 7. Qe2 Nd5 8. c4 Ba6 9. b3 g6 10. Bb2 Bg7 11. Nd2 0-0 12. 0-0-0 Rfe8 13. g3 Nb6 14. f4 Rab8 15. Qf2 d5 16. cxd5 Bxf1 17. Rhxf1 cxd5 18. Nf3 c5 19. f5 gxf5 20. Nh4 Bxe5 21. Nxf5 Qg5+ 22. Kb1 Bxb2 23. Qxb2 Na4 24. Qd2 Qxd2 25. Rxd2 c4 26. Rf3 Re1+ 27. Kc2 cxb3+ 28. Rxb3 Rc8+ 29. Kd3 Nc5+ 30. Kd4 Nxb3+ 31. axb3 Rb8 32. Rc2 h5 33. Rc7 Rb4+ 34. Kc3 Rc1+ 0-1

[Event "Teplice op 7th"]
[Site "Teplice"]
[Date "2012.06.22"]
[Round "7"]
[White "Bazantova, Marie"]
[Black "Krcal, Michal"]
[Result "0-1"]
[WhiteElo "1977"]
[BlackElo "2124"]
[PlyCount "112"]
[EventDate "2012.06.16"]
[EventType "swiss"]
[EventRounds "9"]
[EventCountry "CZE"]
[SourceTitle "CBM 149 Extra"]
[Source "ChessBase"]
[SourceDate "2012.08.24"]
[SourceVersion "1"]
[SourceVersionDate "2012.08.24"]
[SourceQuality "1"]

1. e4 e5 2. Bc4 Nf6 3. d3 c6 4. f4 exf4 5. Bxf4 d5 6. exd5 Nxd5 7. Qf3 Be6 8. Bxd5 Bxd5 9. Qe2+ Be7 10. Nc3 Be6 11. Nf3 0-0 12. Be3 Re8 13. 0-0 Nd7 14. Ne4 Nf6 15. Kh1 Bg4 16. Nxf6+ Bxf6 17. Qf2 a5 18. d4 Qd5 19. c3 Re6 20. Ne5 Bh5 21. Nd3 Qe4 22. Nf4 Qxe3 23. Nxh5 Qxf2 24. Rxf2 Bg5 25. Raf1 f6 26. Nf4 Re4 27. g3 Rae8 28. Kg2 Kf8 29. Nd3 R8e7 30. h4 Bh6 31. Rf3 Kg8 32. Nc5 Re2+ 33. R3f2 R2e3 34. Nb3 a4 35. Na5 Rd3 36. Nc4 Re6 37. Na3 Ree3 38. Rf3 Rxf3 39. Rxf3 Rd2+ 40. Rf2 Rxf2+ 41. Kxf2 Bc1 42. Nc4 b5 43. Ne3 Bxb2 44. Nd1 Ba3 45. Kf3 Kf7 46. Ke4 Ke6 47. g4 g6 48. Ne3 Bc1 49. Nf1 f5+ 50. gxf5+ gxf5+ 51. Kd3 Bf4 52. c4 b4 53. Kc2 c5 54. d5+ Ke5 55. Kd3 h5 56. Kc2 Kd6 0-1

[Event "Teplice op 7th"]
[Site "Teplice"]
[Date "2012.06.20"]
[Round "5"]
[White "Kanovsky, David"]
[Black "Krcal, Michal"]
[Result "1-0"]
[WhiteElo "2445"]
[BlackElo "2124"]
[PlyCount "85"]
[EventDate "2012.06.16"]
[EventType "swiss"]
[EventRounds "9"]
[EventCountry "CZE"]
[SourceTitle "CBM 149 Extra"]
[Source "ChessBase"]
[SourceDate "2012.08.24"]
[SourceVersion "1"]
[SourceVersionDate "2012.08.24"]
[SourceQuality "1"]

1. c4 Nf6 2. Nc3 d5 3. cxd5 Nxd5 4. g3 Nc6 5. Bg2 Nb6 6. Nf3 g6 7. 0-0 Bg7 8. d3 0-0 9. Be3 a5 10. Qd2 Re8 11. Rac1 Nb4 12. Bh6 Bh8 13. a3 Na6 14. Ne4 c6 15. d4 Nc7 16. Rfd1 Nb5 17. Nc5 Nd7 18. Nxd7 Bxd7 19. Qf4 Nxd4 20. Nxd4 e5 21. Nxc6 exf4 22. Nxd8 Raxd8 23. Bxf4 Bxb2 24. Rb1 Bf5 25. Rxd8 Rxd8 26. e4 Be6 27. a4 Rd7 28. h4 Bd4 29. h5 gxh5 30. Rb5 Bg4 31. Rxa5 b6 32. Ra8+ Kg7 33. e5 Bc5 34. Bc6 Rd1+ 35. Kg2 Rb1 36. Rd8 Rb2 37. Rd2 Rb4 38. Bg5 Bd4 39. Be7 Rc4 40. Bb5 Bc3 41. Bf6+ Kg6 42. Rd6 Rd4 43. Bd8+ 1-0

[Event "Teplice op 7th"]
[Site "Teplice"]
[Date "2012.06.18"]
[Round "3"]
[White "Zdravkovic, Dragan S"]
[Black "Krcal, Michal"]
[Result "0-1"]
[WhiteElo "1934"]
[BlackElo "2124"]
[PlyCount "40"]
[EventDate "2012.06.16"]
[EventType "swiss"]
[EventRounds "9"]
[EventCountry "CZE"]
[SourceTitle "CBM 149 Extra"]
[Source "ChessBase"]
[SourceDate "2012.08.24"]
[SourceVersion "1"]
[SourceVersionDate "2012.08.24"]
[SourceQuality "1"]

1. e4 e5 2. Nf3 Nc6 3. Bb5 a6 4. Ba4 Nf6 5. 0-0 b5 6. Bb3 Bb7 7. Re1 Bc5 8. Nxe5 Nxe5 9. d4 Nfg4 10. h3 Nxf2 11. Kxf2 Qh4+ 12. g3 Qxh3 13. Rh1 Ng4+ 14. Kf3 Bxe4+ 15. Kxe4 Nf2+ 16. Kf3 Qf5+ 17. Kg2 Nxd1 18. dxc5 Qe4+ 19. Kg1 Qe1+ 20. Kg2 Qe2+ 0-1

[Event "CZE-chT 1112"]
[Site "Czech Republic"]
[Date "2012.04.22"]
[Round "11.8"]
[White "Vorisek, Jaroslav"]
[Black "Krcal, Michal"]
[Result "1-0"]
[WhiteElo "2238"]
[BlackElo "2130"]
[PlyCount "79"]
[EventDate "2011.10.08"]
[EventType "team-tourn"]
[EventRounds "11"]
[EventCountry "CZE"]
[SourceTitle "EXT 2013"]
[Source "ChessBase"]
[SourceDate "2012.11.22"]
[SourceVersion "1"]
[SourceVersionDate "2012.11.22"]
[SourceQuality "1"]
[WhiteTeam "Bohemians"]
[BlackTeam "Zlin"]
[WhiteTeamCountry "CZE"]
[BlackTeamCountry "CZE"]

1. e4 c5 2. Nf3 e6 3. d4 cxd4 4. Nxd4 a6 5. Bd3 Ne7 6. Nc3 Nbc6 7. Nb3 Ng6 8. 0-0 Be7 9. a4 0-0 10. f4 d6 11. Be3 Bf6 12. a5 Qe7 13. Na4 Qc7 14. Nb6 Rb8 15. c3 Re8 16. Qf3 Bd7 17. Rad1 Nf8 18. Rd2 Be7 19. g4 Rbd8 20. g5 Ng6 21. Qg3 Bf8 22. h4 Nge7 23. h5 d5 24. e5 Nc8 25. Nxc8 Rxc8 26. Bb6 Qb8 27. g6 fxg6 28. hxg6 h6 29. Be2 Be7 30. Bg4 Bd8 31. Rxd5 exd5 32. Bxd7 Rf8 33. Qd3 Bxb6+ 34. axb6 Rcd8 35. Qxd5+ Kh8 36. Nc5 Ne7 37. Qe4 Nc8 38. Ne6 Rxd7 39. Nxf8 Rd2 40. Qb4 1-0

[Event "CZE-chT 1112"]
[Site "Czech Republic"]
[Date "2012.03.04"]
[Round "8.8"]
[White "Krcal, Michal"]
[Black "Jasny, Stanislav"]
[Result "0-1"]
[WhiteElo "2130"]
[BlackElo "2327"]
[PlyCount "44"]
[EventDate "2011.10.08"]
[EventType "team-tourn"]
[EventRounds "11"]
[EventCountry "CZE"]
[SourceTitle "EXT 2013"]
[Source "ChessBase"]
[SourceDate "2012.11.22"]
[SourceVersion "1"]
[SourceVersionDate "2012.11.22"]
[SourceQuality "1"]
[WhiteTeam "Zlin"]
[BlackTeam "Frydek Mistek"]
[WhiteTeamCountry "CZE"]
[BlackTeamCountry "CZE"]

1. e4 c6 2. d4 d5 3. Nc3 dxe4 4. Nxe4 Bf5 5. Ng3 Bg6 6. Nh3 e6 7. Nf4 Bd6 8. h4 Qc7 9. Nxg6 hxg6 10. Qf3 Nf6 11. Bd3 Nbd7 12. Be3 0-0-0 13. 0-0-0 c5 14. dxc5 Bxc5 15. Bf4 Qb6 16. Bc4 Qb4 17. b3 Qa3+ 18. Kb1 Nb6 19. Qc3 Nfd5 20. Bxd5 Nxd5 21. Rxd5 Rxd5 22. Ne4 Rxh4 0-1

[Event "CZE-chT1E 1112"]
[Site "Czech Republic"]
[Date "2012.02.12"]
[Round "8.4"]
[White "Krcal, Michal"]
[Black "Karlik, Vladimir"]
[Result "0-1"]
[WhiteElo "2130"]
[BlackElo "2286"]
[PlyCount "62"]
[EventDate "2011.10.02"]
[EventType "team-tourn"]
[EventRounds "11"]
[EventCountry "CZE"]
[SourceTitle "EXT 2013"]
[Source "ChessBase"]
[SourceDate "2012.11.22"]
[SourceVersion "1"]
[SourceVersionDate "2012.11.22"]
[SourceQuality "1"]
[WhiteTeam "Zlin II"]
[BlackTeam "Kromeriz"]
[WhiteTeamCountry "CZE"]
[BlackTeamCountry "CZE"]

1. e4 g6 2. d4 Bg7 3. Nc3 c6 4. Be3 d5 5. h3 dxe4 6. Nxe4 Nh6 7. Nf3 Nf5 8. Bc4 0-0 9. 0-0 Nd7 10. Bb3 Nxe3 11. fxe3 Nf6 12. Nxf6+ exf6 13. Qd3 f5 14. Rae1 a5 15. a4 b6 16. e4 c5 17. Bd5 fxe4 18. Bxe4 Ba6 19. c4 Rc8 20. dxc5 Qxd3 21. Bxd3 Rfd8 22. Rd1 Rxd3 23. Rxd3 Bxc4 24. Rd6 Bxf1 25. Kxf1 bxc5 26. Ra6 Bxb2 27. Rxa5 c4 28. Ne1 Bc3 29. Ra7 Rc5 30. Nc2 h5 31. Rb7 Rf5+ 0-1